000 00475nam a22001817a 4500
999 _c139604
_d139604
005 20230119105217.0
010 _aENG-118069 ENG-136014
020 _a9789385755095
_c499.00
035 _aEN-101601
035 _aEN-119546
037 _bDBAD/PUB
082 _aN
100 _aSaleem Haddad
245 _aOne last drink at Guapa/
_cby Saleem Haddad
260 _aNew Delhi
_bSpeaking Tiger Publishing
_c2016
300 _a358p.
_c22cm.(pbk)
942 _2ddc
_cEN
_hN
_mSAL